000 00361 a2200169 4500
001 188401
020 _a85-249-1221-9
040 _cMagnum
100 _aRibeiro, Jonas
240 1 0 _aEl descubrimiento
_lESP
245 1 0 _aEl descubrimiento
300 _a20
362 0 _a2006
440 1 _aCortez
697 _aLITERATURA INFANTIL ESPANHOLA
942 _cBK
999 _c188401
_d188401